Sports Quiz

Random Sports or MLB Quiz

Pittsburgh Pirates Opening Day Starting Pitchers Quiz Stats

 Plays Quiz Updated Apr 1, 2019

Score 0/138 Timer 15:00
0 Plays Today
Year Pitcher % Correct
2017Gerrit Cole
74.7%
1990Doug Drabek
63.5%
1991Doug Drabek
63.5%
1992Doug Drabek
63.5%
2014Francisco Liriano
57.1%
2015Francisco Liriano
57.1%
2016Francisco Liriano
57.1%
2019Jameson Taillon
55.9%
1994Zane Smith
53.1%
2013A.J. Burnett
49.2%
2018Ivan Nova
45.1%
1978John Candelaria
41.8%
1983John Candelaria
41.8%
1971Dock Ellis
41.1%
1972Dock Ellis
41.1%
1975Dock Ellis
41.1%
1969Steve Blass
38.2%
1970Steve Blass
38.2%
1973Steve Blass
38.2%
1979Bert Blyleven
35.8%
1980Bert Blyleven
35.8%
1989Bob Walk
35.7%
1954Bob Friend
34.1%
1956Bob Friend
34.1%
1957Bob Friend
34.1%
1958Bob Friend
34.1%
1960Bob Friend
34.1%
1961Bob Friend
34.1%
1962Bob Friend
34.1%
2007Zach Duke
33.5%
2010Zach Duke
33.5%
2005Óliver Pérez
29.7%
2006Óliver Pérez
29.7%
1982Rick Rhoden
27.1%
1984Rick Rhoden
27.1%
1985Rick Rhoden
27.1%
2000Jason Schmidt
26.3%
2003Kris Benson
26.3%
2004Kip Wells
24.8%
1964Bob Veale
24.1%
1965Bob Veale
24.1%
1966Bob Veale
24.1%
1967Bob Veale
24.1%
2009Paul Maholm
24.1%
1986Rick Reuschel
23.7%
1993Tim Wakefield
22.9%
Year Pitcher % Correct
2008Ian Snell
21.7%
1974Jerry Reuss
20.1%
1977Jerry Reuss
20.1%
1911Babe Adams
19.9%
1913Babe Adams
19.9%
1914Babe Adams
19.9%
1920Babe Adams
19.9%
1921Babe Adams
19.9%
1981Jim Bibby
19.7%
1998Francisco Córdova
17.5%
1999Francisco Córdova
17.5%
1918Wilbur Cooper
16.8%
1919Wilbur Cooper
16.8%
1922Wilbur Cooper
16.8%
1885Ed Morris
16.3%
1886Ed Morris
16.3%
1888Ed Morris
16.3%
1996Paul Wagner
14.5%
1995Jon Lieber
14%
1997Jon Lieber
14%
1902Deacon Phillippe
13.4%
1903Deacon Phillippe
13.4%
1904Deacon Phillippe
13.4%
1907Deacon Phillippe
13.4%
1976Doc Medich
13.2%
2011Kevin Correia
12.8%
2012Érik Bédard
12.6%
1968Jim Bunning
12.5%
2001Todd Ritchie
11.8%
1887Pud Galvin
11.4%
1889Pud Galvin
11.4%
1891Pud Galvin
11.4%
1906Vic Willis
10.9%
2002Ron Villone
9.6%
1929Burleigh Grimes
9.5%
1988Mike Dunne
9.5%
1943Rip Sewell
8.8%
1947Rip Sewell
8.8%
1949Rip Sewell
8.8%
1923Johnny Morrison
8.5%
1924Johnny Morrison
8.5%
1900Sam Leever
8.3%
1901Sam Leever
8.3%
1952Murry Dickson
7.6%
1953Murry Dickson
7.6%
1963Earl Francis
7.6%
Year Pitcher % Correct
1987Bob Patterson
7.6%
1959Ron Kline
7.2%
1927Ray Kremer
7%
1928Ray Kremer
7%
1930Ray Kremer
7%
1936Cy Blanton
6.9%
1937Cy Blanton
6.9%
1938Cy Blanton
6.9%
1939Cy Blanton
6.9%
1908Howie Camnitz
6.7%
1909Howie Camnitz
6.7%
1910Howie Camnitz
6.7%
1912Howie Camnitz
6.7%
1935Waite Hoyt
6.7%
1944Preacher Roe
6.4%
1899Jesse Tannehill
5.8%
1893Frank Killen
5.4%
1894Frank Killen
5.4%
1895Frank Killen
5.4%
1897Frank Killen
5.4%
1898Frank Killen
5.4%
1931Larry French
5.4%
1932Larry French
5.4%
1925Emil Yde
5.1%
1940Bob Klinger
5.1%
1941Bob Klinger
5.1%
1945Fritz Ostermueller
5%
1946Fritz Ostermueller
5%
1884John Fox
4.9%
1933Bill Swift
4.7%
1951Cliff Chambers
4.7%
1890Pete Daniels
4.6%
1955Max Surkont
4.4%
1883Denny Driscoll
4.3%
1934Heinie Meine
4.2%
1926Vic Aldridge
4.1%
1942Max Butcher
4.1%
1882Jack Leary
4.1%
1917Elmer Jacobs
4%
1915George McQuillan
3.8%
1950Bob Chesnes
3.6%
1896Pink Hawley
3.5%
1948Hal Gregg
3.5%
1892Mark Baldwin
3.4%
1916Erv Kantlehner
3.2%
1905Patsy Flaherty
3%

You're not logged in!

Compare scores with friends on all Sporcle quizzes.
OR
Log In

Show Comments

Extras

Top Quizzes Today


Score Distribution

Your Account Isn't Verified!

In order to create a playlist on Sporcle, you need to verify the email address you used during registration. Go to your Sporcle Settings to finish the process.

Report this User

Report this user for behavior that violates our Community Guidelines.

Details: